000
00324nam a2200145Ia 4500
005
20251222152718.0
008
251222s9999||||xx |||||||||||||| ||spa||
020
_a
8402013058
082
_a
843/D11
100
_a
D’Isard, Marcel
245
0
_a
Sissi Emperatriz
250
_a
15 ed.
264
_b
Bruguera
942
_c
LIB
999
_c
29476
_d
29476